Stadtgeographie/
Saved in:
| Main Author: | |
|---|---|
| Format: | Book |
| Language: | German |
| Published: |
Braunschweig:
Westermann,
1972.
|
| Edition: | 2., verb. Aufl. |
| Series: | Das geographische Seminar.
|
| Subjects: | |
| Tags: |
Add Tag
No Tags, Be the first to tag this record!
|
| LEADER | 00703nam a2200253Ii 4500 | ||
|---|---|---|---|
| 001 | 005299386-8 | ||
| 005 | 20020606095253.2 | ||
| 008 | 760217s1972 gw ab b 000 0 ger | ||
| 010 | |a 73317049 | ||
| 020 | |a 3141602980 | ||
| 035 | 0 | |a ocm01997204 | |
| 040 | |a DLC |c HLS | ||
| 050 | 0 | |a HT151 |b .H63 1972 | |
| 100 | 1 | |a Hofmeister, Burkhard. | |
| 245 | 1 | 0 | |a Stadtgeographie/ |c Burkhard Hofmeister. |
| 250 | |a 2., verb. Aufl. | ||
| 260 | |a Braunschweig: |b Westermann, |c 1972. | ||
| 300 | |a 206 p.: |b ill. and maps; |c 21 cm. | ||
| 490 | 1 | |a Das geographische Seminar | |
| 504 | |a Bibliography: p. 195-203. | ||
| 650 | 0 | |a Cities and towns. | |
| 830 | 4 | |a Das geographische Seminar. | |
| 988 | |a 20020608 | ||
| 906 | |0 DLC | ||


